000 00491nam a2200181 a 4500
001 34522
005 20180714002648.0
008 140415s1979 000 0 spa d
041 _aspa
082 _a320.5
_bMAR
100 1 _aMARIATEGUI, JOSE CARLOS
245 1 0 _aOBRA POLITICA
260 _a[s.l.] :
_bEDICIONES ERA,
_c1979
300 _a327
490 _aEL HOMBRE Y SU TIEMPO
650 1 4 _aCIENCIAS POLITICAS
_xPOLITICA
700 1 _aJIMENEZ RICARDEZ, RUBEN
_eprĂ³l.
999 _c34522
_d34522